000 00473nam a2200181 a 4500
001 4106
005 20140414132031.0
008 090126s19uu xx 00 eng d
020 _a0-590-41004-0
050 _aTR
_bON5 1981
100 _aLobel, Anita
245 _aOn Market street /
_cpictures by Anita Lobel ; words by Arnold Lobel.
260 _aNew York :
_bScholastic,
_cc1981.
700 _aLobel, Arnold
999 _c113623
_d113623